| 000 | 00673cam a22002293a 4500 | ||
|---|---|---|---|
| 001 | 19110 | ||
| 003 | PGUSA | ||
| 005 | 20140828083415.0 | ||
| 008 | 060824s2006||||xxu|||||s|||||000 | eng d | ||
| 040 |
_aPGUSA _beng |
||
| 042 | _adc | ||
| 050 | 4 | _aAP | |
| 245 | 1 | 4 |
_aThe Arena : _bVolume 4, No. 19, June, 1891 _h[electronic resource] / _cVarious |
| 260 |
_bProject Gutenberg, _c2006 |
||
| 506 | _aPublic domain in the USA. | ||
| 516 | _aElectronic text | ||
| 653 | _aAmerican literature -- Periodicals | ||
| 700 | 1 |
_aFlower, B. O. _q(Benjamin Orange), _d1858-1918 |
|
| 830 | 0 |
_aProject Gutenberg _v19110 |
|
| 856 | 4 | 0 | _uhttp://www.gutenberg.org/ebooks/19110 |
| 942 | _cEB | ||
| 999 |
_c248365 _d248365 |
||